000 00330nam a22001457a 4500
008 210428b ||||| |||| 00| 0 eng d
020 _a9780324592375
041 _aeng
080 _217 e
_a330.722.6
082 _a330.722.6
100 _a61
101 _aKF
245 _aIntermediate Accounting
_cStice,E.K
942 _2udc
_cBK
999 _c56888
_d56888